000 00696nam a22002417a 4500
003 OSt
005 20210426122608.0
008 210203s1981 ||||| |||| 00| 0 eng d
020 _a0156551322
040 _aeng
_beng
_cDLC
041 _aeng
_hfre
080 _a821.111
_bS-61
100 _9518
_aSimenon, Georges
245 _aMaigret's Christmas Nine Stories
_c/ by: A Harvest /HBJ Book
250 _a1st edition
260 _aNew York
_b A Harvest /HBJ Book
_c1981
300 _a326 p.
365 _b4.95 usd
650 0 _9247
_aEnglish literature
653 _aინგლისური ლიტერატურა
700 _9762
_aStewart, Jean
_eTranslator
942 _2udc
_cBK
_e1
999 _c1128
_d1128